Najlepsi Polscy piłkarze w historii - Statystyki

Ogólne statystyki
  • Ten quiz został rozwiązany 101 razy
  • Średni wynik to 16 z 30
Statystyki odpowiedzi
PIŁKARZ % Poprawnych
Robert Lewandowski
100%
Mariusz Lewandowski
98%
Wojciech Szczęsny
86%
Grzegorz Lato
84%
Kazimierz Deyna
81%
Jakub Błaszczykowski
79%
Zbigniew Boniek
79%
Piotr Zieliński
78%
Łukasz Piszczek
72%
Kamil Glik
68%
Arkadiusz Milik
67%
Grzegorz Krychowiak
67%
Kamil Grosicki
62%
Artur Boruc
54%
Jan Tomaszewski
48%
Włodzimierz Lubański
47%
Michał Żewłakow
46%
Władysław Żmuda
41%
Jan Bednarek
40%
Jacek Bąk
38%
Jacek Krzynówek
38%
Maciej Żurawski
36%
Tomasz Wałdoch
26%
Maciej Rybus
25%
Roman Kosecki
25%
Antoni Szymanowski
20%
Piotr Świerczewski
20%
Tomasz Kłos
20%
Dariusz Dudka
14%
Dariusz Dziekanowski
12%
Nie znaleziono quizów pasujących do podanych kryteriów
Rozkład punktacji
Procent ludzi z każdym wynikiem
Percentyl według liczby udzielonych odpowiedzi
Twoja historia wyników
Nie rozwiązałeś tego quizu